Catalog

Record Details

Catalog Search



Veselá matematika, aneb, Kouzla, hříčky, hádanky, rébusy, lamohlavy  Cover Image Book Book

Veselá matematika, aneb, Kouzla, hříčky, hádanky, rébusy, lamohlavy / Jiří Loukota

Loukota, Jiří (Author).

Record details

  • ISBN: 80-7198-318-7
  • Physical Description: 156 s. : il. ; 21 cm
  • Publisher: V Olomouci : Votobia, 1998

Content descriptions

Bibliography, etc. Note:
Obsahuje bibliografii
Subject: matematika > úlohy
matematické hry
Genre: příručky
publikace pro děti

Available copies

  • 1 of 1 copy available at Common Catalog SPOK.

Holds

  • 0 current holds with 1 total copy.
Show Only Available Copies
Location Call Number / Copy Notes Barcode Shelving Location Status Due Date
Hospic Dobrého Pastýře OS
Tematická katagorie: Odborná - ostatní (OS)
2045957001043 Centrum denních služeb (CDS) Available -

LDR 01356nam a2200373 a 4500
00114241
003CZ-PrJAB
00520220623115634.0
007tu
008980908s1998 xr a c 000 0 cze
015 . ‡acnb000371239
020 . ‡a80-7198-318-7 ‡q(brož.)
035 . ‡a(CZ PrNK)cpk19980371239
035 . ‡a(OCoLC)42029087
040 . ‡aABA001 ‡bcze
072 7. ‡a51 ‡xMatematika ‡2Konspekt ‡913
072 7. ‡a0/9-053.2 ‡xLiteratura pro děti a mládež (naučná) ‡2Konspekt ‡926
080 . ‡a51 ‡2MRF
080 . ‡a51-8 ‡2MRF
080 . ‡a(035) ‡2MRF
080 . ‡a(0.053.2) ‡2MRF
1001 . ‡aLoukota, Jiří ‡7pag2008414642 ‡4aut
24510. ‡aVeselá matematika, aneb, Kouzla, hříčky, hádanky, rébusy, lamohlavy / ‡cJiří Loukota
2463 . ‡aKouzla, hříčky, hádanky, rébusy, lamohlavy
260 . ‡aV Olomouci : ‡bVotobia, ‡c1998
300 . ‡a156 s. : ‡bil. ; ‡c21 cm
504 . ‡aObsahuje bibliografii
65007. ‡amatematika ‡7ph117231 ‡xúlohy ‡2czenas
65007. ‡amatematické hry ‡7ph122674 ‡2czenas
655 7. ‡apříručky ‡7fd133209 ‡2czenas
655 7. ‡apublikace pro děti ‡7fd133156 ‡2czenas
910 . ‡aABG312
910 . ‡aBNE702
995 . ‡aska
901 . ‡a14241 ‡bCZ-PrJAB ‡c14241 ‡tbiblio

Additional Resources